| 000 | 00566nam a22001697a 4500 | ||
|---|---|---|---|
| 003 | NUST | ||
| 038 | _aMr. Zahoor | ||
| 082 | _a621.39 | ||
| 100 |
_a Yousaf, Muhammad Adnan _915947 |
||
| 245 |
_aLossless Image Compression by Incorporating Histogram Processing Stage in Burrows wheeler Compression Algorithm (BWCA) / _cMuhammad Adnan Yousaf. |
||
| 260 |
_aIslamabad : _bCEME - NUST, _c2011. |
||
| 300 |
_a68 p. : ill. ; _c30cm. |
||
| 500 | _aHardcover. | ||
| 650 |
_aComputer Science - MS Thesis. _916114 |
||
| 700 |
_aDr. Saad Rehman. _916115 |
||
| 942 |
_2ddc _cBK |
||
| 999 |
_c525201 _d525201 |
||